|
|
|
|
| LEADER |
00953nam a2200253 a 4500 |
| 001 |
12334581 |
| 008 |
090719s2002 nyua b 001 0 eng d |
| 010 |
|
|
|a \\2001019475
|
| 020 |
|
|
|a 0815335741 (acid-free paper)
|
| 040 |
|
|
|a DLC
|c DLC
|d DLC
|
| 082 |
0 |
0 |
|a 822.3/3
|2 21
|
| 245 |
0 |
0 |
|a Othello :
|b new critical essays /
|c edited by Philip C. Kolin.
|
| 260 |
|
|
|a New York :
|b Routledge,
|c 2002.
|
| 300 |
|
|
|a xii, 458 p. :
|b ill. ;
|c 24 cm.
|
| 490 |
|
0 |
|a Shakespeare criticism ;
|v v. 28
|
| 504 |
|
|
|a Includes bibliographical references and index.
|
| 541 |
1 |
|
|e 00014469
|
| 600 |
1 |
0 |
|a Shakespeare, William,
|d 1564-1616.
|t Othello.
|
| 650 |
|
0 |
|a Othello (Fictitious character)
|
| 650 |
|
0 |
|a Tragedy.
|
| 700 |
1 |
|
|a Kolin, Philip C.
|
| 852 |
4 |
|
|a Ayesha Abed Library
|j General shelf
|
| 999 |
|
|
|c 2857
|d 2857
|
| 952 |
|
|
|0 0
|1 0
|2 ddc
|4 0
|6 822_330000000000000_OTH_2002
|7 0
|9 2606
|a BRACUL
|b BRACUL
|c GEN
|d 2009-07-27
|l 6
|m 8
|o 822.33 OTH
|p 3010014469
|r 2025-06-17
|s 2025-04-24
|t 1
|w 2009-07-27
|y BK
|